| 000 | 00821nam a2200265 i 4500 | ||
|---|---|---|---|
| 001 | 000003339 | ||
| 003 | DO-SdBNP | ||
| 005 | 20250820100506.0 | ||
| 007 | ta | ||
| 008 | 090708s1980 dr r 000 0 spa d | ||
| 040 |
_aDO-SdBNP _bspa _cBNPHU _erda |
||
| 041 | _aspa | ||
| 049 | _aBNPD | ||
| 082 | 4 |
_a330.97293 _bV613d _222 |
|
| 100 | 1 |
_aVicini, Felipe J. _eautor _4aut. _910469 |
|
| 245 | 1 | 0 |
_aDiez ensayos sobre política / _cFelipe J. Vicini. |
| 264 | 4 |
_aSanto Domingo : _beditor no identificado, _c1980. |
|
| 300 |
_a68 páginas ; _c22 cm. |
||
| 336 |
_atexto _btxt _2rdacontent |
||
| 337 |
_asin mediación _bn _2rdamedia |
||
| 338 |
_avolumen _bnc _2rdacarrier |
||
| 590 | _aInventariado, 2025/BT | ||
| 651 | 4 |
_aRepública Dominicana _vCONDICIONES ECONÓMICAS _xEnsayos, Conferencias, Etc. _910470 |
|
| 942 |
_2ddc _cLBS1 |
||
| 999 |
_c3170 _d3170 |
||